00923 2200373 4500001002100000005001500021035002000036007000300056008004100059020001600100082000800116084001900124100001100143245007700154260002700231300001900258990001600277990001600293990001600309990001600325990001600341990001600357990001600373990001600389990001600405990001600421990001600437990001600453990001600469990001600485990001600501990001600517990001600533INLIS00000000000076220210630074405 a0010-0621000227ta210630 g 0 ind  a91-85-002-1 a330 a330 ALA e.c.160 aAlam S1 aEkonomi Kelompok Peminatan Ilmu Pengetahuan Sosial untuk SMA/MA Kelas XI aJakarta :bESIS,c2017 a301 ;c25,5 cm a2017/p/2012 a2017/p/2013 a2017/p/2014 a2017/p/2015 a2017/p/2016 a2017/p/2017 a2017/p/2018 a2017/p/2019 a2017/p/2020 a2017/p/2021 a2017/p/2022 a2017/p/2023 a2017/p/2024 a2017/p/2025 a2017/p/2026 a2017/p/2027 a2021/p/1828